000 00572nam a22001937a 4500
005 20251108163331.0
008 250721s1978 xx 000 0 ara d
082 1 4 _a131.33كول
100 1 _aكولز، إدوارد سبنسر
245 1 0 _aأعرف نفسك /
264 1 _aالقاهرة :
_bدار الهلال،
_c1978.
300 _a262 ص
490 0 _aسلسلة كتاب الهلال
650 1 7 _aالصحة النفسية
650 1 7 _aعلم النفس الفسيولوجي
700 1 _aبقطر، أمير
_eترجمة
942 _2ddc
_cBK
999 _c87
_d87